| 000 | 00331cam a22001337 4500 | ||
|---|---|---|---|
| 082 |
_a951 _bLAN |
||
| 100 | 2 |
_aLane-Poole, Stanley, _949559 |
|
| 245 | 0 | 0 | _aSir Harry Parkes in China. |
| 260 |
_aLondon, _bMethuen, _c1901. |
||
| 300 | _a386 p. | ||
| 526 |
_a0 _b0 _c0 _d951_000000000000000_LAN |
||
| 650 |
_aMCE _9379 |
||
| 942 |
_2ddc _cBK |
||
| 999 |
_c553031 _d553031 |
||